[Event "SUI-chT"]
[Site "SUI"]
[Date "1996.??.??"]
[Round "2"]
[White "Wirthensohn, Heinz"]
[Black "Milov, Vadim"]
[Result "1-0"]
[WhiteElo "2415"]
[BlackElo "2565"]

1.Nf3 Nf6 2.c4 g6 3.Nc3 Bg7 4.e4 O-O 5.d4 d6 6.Be2 e5 7.Be3 Ng4 8.Bg5 f6
9.Bc1 Nh6 10.dxe5 fxe5 11.c5 Nf7 12.cxd6 Nxd6 13.Nb5 Nc6 14.Bg5 Bf6 15.Bh6 Re8
16.Nxd6 cxd6 17.Bc4+ Kh8 18.Qd2 Be6 19.Bxe6 Rxe6 20.O-O-O Nd4 21.Be3 Nxf3
22.gxf3 Bg7 23.Qd5 Qd7 24.Rd3 a6 25.Kb1 Rf8 26.Bb6 Ref6 27.Rc1 Qh3 28.Qxb7 Rxf3
29.Rxd6 Qxh2 30.Rd7 Rg8 31.a3 Rff8 32.Rcc7 Rb8 33.Qc6 Qh3 34.Ka2 Rbf8 35.Qc5 Qe6+
36.Ka1 Rd8 37.Qd5 Qf6 38.Bc5 Rxd7 39.Qxd7 Qf3 40.Qd5 h5 41.Bd6 Re8 42.Rf7 Qg4
43.Qb7 Qd1+ 44.Ka2 Qxd6 45.Rxg7 Qf6 46.Rf7 Qe6+ 47.Kb1 Kg8 48.Rg7+ Kf8 49.Rh7 Qf6
50.Qd5 Rd8 51.Qc4 Rd1+ 52.Ka2 Rd6 53.Qc8+ Rd8 54.Qc4 Re8 55.Kb1 Rd8 56.Ka2 a5
57.a4 h4 58.Kb1 Rd1+ 59.Ka2 Rd8 60.Kb1 g5 61.Qc7 Kg8 62.Re7 Rf8 63.Rxe5 h3
64.Qxa5 Rb8 65.Rxg5+ Kh7 66.Qf5+ Qxf5 67.exf5 Rh8 68.f6 Kh6 69.Rg3  1-0

[Event "SUI-chT"]
[Site "SUI"]
[Date "1996.??.??"]
[Round "3"]
[White "Milov, Vadim"]
[Black "Begovac, Franja"]
[Result "1-0"]
[WhiteElo "2565"]
[BlackElo "2430"]

1.d4 d5 2.c4 e6 3.Nc3 Be7 4.cxd5 exd5 5.Bf4 Nf6 6.e3 Bf5 7.Qb3 Nc6 8.a3 Rb8
9.Nf3 O-O 10.Be2 h6 11.O-O Be6 12.Qc2 Bd6 13.Ne5 Ne7 14.Bd3 Nh5 15.Rfe1 c6
16.Ne2 Nxf4 17.exf4 f6 18.Nf3 Re8 19.Nh4 Bf7 20.Qd2 Qc7 21.Bc2 Kf8 22.g3 Qd7
23.Nc3 f5 24.Nf3 Ng6 25.Qd3 Re4 26.Ne5 Bxe5 27.dxe5 Rxe1+ 28.Rxe1 Be6 29.b4 b6
30.Bb3 Ne7 31.Na4 Rc8 32.Rc1 Rc7 33.Qd4 Qc8 34.Bd1 Qa6 35.Rc3 Qb5 36.h3 Kg8
37.g4 Kf8 38.Qe3 Qa6 39.f3 Rd7 40.Qd4 Rc7 41.Nb2 Qc8 42.Nd3 Qd8 43.Rc1 Ng6
44.Kg2 Nh4+ 45.Kg3 Ng6 46.Be2 Qh4+ 47.Kg2 Qd8 48.a4 Ne7 49.Rc2 Qc8 50.Kg3 Kf7
51.Bf1 Qb8 52.Nc1 Qd8 53.Bd3 Kg8 54.Kh2 Qf8 55.Nb3 Nc8 56.Kg3 g5 57.fxg5 hxg5
58.Kg2 Ne7 59.Qe3 Ng6 60.Qxg5 Rg7 61.Nd4 Nxe5 62.Qe3 Nxd3 63.Qxe6+ Qf7 64.Qc8+ Kh7
65.Rxc6 fxg4 66.hxg4 Nf4+ 67.Kg3 Nh5+ 68.Kf2 Qf4 69.Qf5+  1-0

[Event "SUI-chT"]
[Site "SUI"]
[Date "1996.??.??"]
[Round "4"]
[White "Klauser, Markus"]
[Black "Milov, Vadim"]
[Result "1/2-1/2"]
[WhiteElo "2375"]
[BlackElo "2565"]

1.d4 Nf6 2.c4 e6 3.Nf3 d5 4.Bg5 h6 5.Bxf6 Qxf6 6.Nc3 c6 7.e3 Nd7 8.Bd3 dxc4
9.Bxc4 g6 10.O-O Bg7 11.e4 e5 12.d5 Nb6 13.Qb3 O-O 14.a4 Rd8 15.a5 Nxc4 16.Qxc4 Bg4
17.Qe2 a6 18.Rfd1 Bf8 19.Rd3 Bb4 20.h3 Bxf3 21.Rxf3 Qe7 22.Qc4 Bxc3 23.Rxc3 cxd5
24.exd5 Rd7 25.Rd1 Rad8 26.Re3 Qd6 27.Qe4 Re7 28.f4 exf4 29.Qxe7 fxe3 30.Qxe3 h5
31.Qd4 Re8 32.b4 Re2 33.Rc1 Kh7 34.Rf1 f5 35.Qc5 Qd8 36.Rf2 Re5 37.Rd2 f4
38.Qf2 Qd6 39.Rd4 Rf5 40.Qf3 Kh6 41.h4 Kg7 42.Qc3 Kh7 43.Rc4 Rf7 44.Rc8 Rg7
45.Re8 Qxd5 46.Qc8 Qd4+ 47.Kh2 Rf7 48.Qe6 Qg7 49.Qe4 Qf6 50.Kh3 Qc3+ 51.Kh2 Qg3+
52.Kg1 f3  1/2-1/2

[Event "SUI-chT"]
[Site "SUI"]
[Date "1996.??.??"]
[Round "6"]
[White "Hug, Werner"]
[Black "Milov, Vadim"]
[Result "1/2-1/2"]
[WhiteElo "2445"]
[BlackElo "2565"]

1.Nf3 Nf6 2.d4 g6 3.Bg5 Bg7 4.Nbd2 O-O 5.c3 d6 6.e3 Nbd7 7.Bd3 e5 8.O-O Qe8
9.Qc2 Nh5 10.e4 h6 11.Bh4 Nf4 12.Bc4 Nb6 13.Bb3 Bd7 14.Rfe1 a5 15.a4 Kh8
16.Nc4 Nxc4 17.Bxc4 Bc6 18.Qb3 Rb8 19.Bb5 exd4 20.Nxd4 Bxb5 21.axb5 Ra8 22.Qc4 Qd7
23.Nb3 b6 24.Nd4 Rae8 25.f3 Re5 26.Nc6 Rc5 27.Qf1 Qe6 28.Bg3 Qf6 29.Bf2 Rg5
30.g4 Ne6 31.h4 Rc5 32.Bxc5 bxc5 33.Qh3 h5 34.gxh5 Qf4 35.Re2 c4 36.Rf1 Be5
37.Nxa5 Rb8 38.Nxc4 Rxb5 39.Ne3 Rxb2 40.Ng2 Rxe2 41.Nxf4 Nxf4 42.Qc8+ Kg7
43.Rb1 Bxc3 44.Rb8  1/2-1/2

[Event "SUI-chT"]
[Site "SUI"]
[Date "1996.??.??"]
[Round "7"]
[White "Renet, Olivier"]
[Black "Milov, Vadim"]
[Result "0-1"]
[WhiteElo "2505"]
[BlackElo "2565"]

1.e4 c5 2.Nf3 Nc6 3.d4 cxd4 4.Nxd4 e5 5.Nb5 d6 6.c4 Be7 7.b3 Nf6 8.Bd3 O-O
9.O-O Nd7 10.N1c3 a6 11.Na3 Nc5 12.Nc2 Rb8 13.Re1 f5 14.exf5 Nxd3 15.Qxd3 Bxf5
16.Ne4 Kh8 17.Bd2 Bg6 18.f3 b5 19.Bc3 bxc4 20.bxc4 Qb6+ 21.Kh1 Rfc8 22.Ne3 Qa7
23.Nd5 Bf8 24.Rad1 Nd8 25.f4 Ne6 26.fxe5 Nc5 27.Qd4 dxe5 28.Qg1 Bxe4 29.Rxe4 Nxe4
30.Qxa7 Bc5 31.Qxa6 Nf2+ 32.Kg1 Nxd1+ 33.Kf1 Rf8+ 34.Ke2 Rf2+ 35.Kd3 e4+
36.Kxe4 Nxc3+ 37.Nxc3 Re8+ 38.Kd5 Rf5+  0-1

[Event "SUI-chT"]
[Site "SUI"]
[Date "1996.??.??"]
[Round "8"]
[White "Milov, Vadim"]
[Black "Danner, Georg"]
[Result "1-0"]
[WhiteElo "2565"]
[BlackElo "2375"]

1.d4 f5 2.g3 g6 3.Bg2 Nf6 4.Nh3 Bg7 5.Nf4 d6 6.Nc3 e5 7.dxe5 dxe5 8.Qxd8+ Kxd8
9.Nfd5 c6 10.Nxf6 Bxf6 11.e4 Na6 12.Be3 Nc7 13.O-O-O+ Ke7 14.f4 exf4 15.Bxf4 Ne6
16.Bd6+ Kf7 17.exf5 gxf5 18.Rhf1 Kg6 19.Ne2 Re8 20.h4 Ng7 21.Nf4+ Kf7 22.Bf3 Be6
23.Nxe6 Rxe6 24.Bc5 b6 25.Rd7+ Kg6 26.Bd6 Rd8 27.Rxd8 Bxd8 28.Rd1 c5 29.Bb8 Bf6
30.Bxa7 Be5 31.g4 Bg3 32.Rg1 f4 33.Bd5 Re5 34.Rd1 h5 35.gxh5+ Nxh5 36.Bxb6 Nf6
37.Bf3 Bxh4 38.a4 Re3 39.a5 Rxf3 40.a6 Ne4 41.a7  1-0

[Event "SUI-chT"]
[Site "SUI"]
[Date "1996.??.??"]
[Round "9"]
[White "Milov, Vadim"]
[Black "Belotti, Bruno"]
[Result "1/2-1/2"]
[WhiteElo "2565"]
[BlackElo "2400"]

1.d4 Nf6 2.c4 c5 3.d5 b5 4.cxb5 a6 5.Nc3 axb5 6.e4 b4 7.Nb5 d6 8.Bf4 g5 9.Be3 Bg7
10.f3 h6 11.Ne2 Nh5 12.Qd2 Ba6 13.Nc1 Nd7 14.Kf2 Qb8 15.a4 Bxb5 16.Bxb5 Qxb5
17.axb5 Rxa1 18.Rd1 O-O 19.Nd3 Ra2 20.Rb1 Rb8 21.g4 Nf4 22.Nxf4 gxf4 23.Bxf4 c4
24.Bxh6 Bf6 25.Qxb4 c3 26.Ke2 Rxb2+ 27.Rxb2 cxb2 28.Bd2 Ra8 29.Kd3 Ra4 30.Kc2 Rxb4
31.Bxb4 Bd4 32.Ba3 Ne5 33.Bxb2 Nxf3 34.h3 Bb6 35.Kd3 f6 36.Bc1 Kf7 37.Be3 Ne5+
38.Ke2 Bxe3 39.Kxe3 Kg6 40.Kf4 Nd3+ 41.Kg3 Nc5 42.Kf4 Nd3+ 43.Kf3 Ne5+ 44.Kg3 Nc4
45.h4 Kf7 46.Kf4 e6 47.dxe6+ Kxe6 48.h5 Nb6 49.h6 Kf7 50.Kf5 Nc8 51.g5 Ne7+
52.Kg4 fxg5 53.Kxg5 Nc8 54.h7 Kg7 55.Kf5 Kxh7 56.Ke6 Kg7 57.Kd7 Nb6+ 58.Kxd6 Kf7
59.Kc6 Na4 60.Kd7 Nb6+  1/2-1/2

[Event "Credit Suisse"]
[Site "Biel"]
[Date "1997.07.22"]
[Round "2"]
[White "Milov, Vadim"]
[Black "Anand, Viswanathan"]
[Result "1/2-1/2"]
[WhiteElo "2635"]
[BlackElo "2765"]

1.d4 Nf6 2.c4 e6 3.Nc3 Bb4 4.e3 c5 5.Bd3 Nc6 6.Ne2 cxd4 7.exd4 d5 8.cxd5 Nxd5
9.a3 Nxc3 10.bxc3 Be7 11.Be4 Bd7 12.O-O Rc8 13.Nf4 Na5 14.Re1 O-O 15.d5 e5
16.d6 Bxd6 17.Qxd6 exf4 18.Bxf4  1/2-1/2

[Event "Credit Suisse"]
[Site "Biel"]
[Date "1997.07.25"]
[Round "4"]
[White "Lautier, Joel"]
[Black "Milov, Vadim"]
[Result "1-0"]
[WhiteElo "2660"]
[BlackElo "2635"]

1.d4 d5 2.c4 c6 3.Nf3 Nf6 4.Nc3 dxc4 5.a4 Na6 6.e4 Bg4 7.Bxc4 Bxf3 8.gxf3 e6
9.Be3 Nb4 10.f4 Qa5 11.O-O O-O-O 12.Qe2 Be7 13.Kh1 g6 14.Rac1 Kb8 15.Rg1 Nh5
16.Qf3 Ng7 17.Rgd1 Qh5 18.Qg2 Qa5 19.d5 exd5 20.exd5 c5 21.Ne4 Nf5 22.d6 Bxd6
23.Ng5 Be7 24.Nxf7 Rxd1+ 25.Rxd1 Rc8 26.b3 Nc6 27.Be6 Rc7 28.Qe4 Qc3 29.Rc1 Qf6
30.Bd5 Ncd4 31.Ne5 Qa6 32.Bc4 Qd6 33.Rd1 a6 34.b4 Qb6 35.bxc5 Bxc5 36.Qd5 Nxe3
37.fxe3 Nf5 38.Qd8+ Ka7 39.a5 Qxa5 40.Rb1 Bd6 41.Nc6+ Rxc6 42.Qxa5  1-0

[Event "Credit Suisse"]
[Site "Biel"]
[Date "1997.07.26"]
[Round "5"]
[White "Milov, Vadim"]
[Black "Karpov, Anatoly"]
[Result "1/2-1/2"]
[WhiteElo "2635"]
[BlackElo "2745"]

1.d4 Nf6 2.c4 e6 3.Nc3 Bb4 4.e3 c5 5.Bd3 d5 6.cxd5 Nxd5 7.Ne2 cxd4 8.exd4 Nc6
9.a3 Bd6 10.Ne4 Be7 11.Bc2 O-O 12.O-O Qc7 13.Qd3 Rd8 14.Ng5 g6 15.Bb3 Bf8
16.Qh3 Nf6 17.Nf3 Qb6 18.Ba2 Bg7 19.Qh4 Nd5 20.Nc3 Nce7 21.Nxd5 Nxd5 22.Bh6 f6
23.Bxg7 Kxg7 24.Rab1 Bd7 25.Rfe1 Be8 26.Qe4 Bf7 27.h4 h6 28.Re2 Rac8 29.Rbe1 Rc6
30.Bb1 Qc7 31.g3 h5 32.Ba2 Ne7 33.Qd3 Rdd6 34.Qd2 Nd5 35.Bb1 Qc8 36.Be4 Rc7
37.Bb1 Qd7 38.Re4 Rc8 39.R4e2 Qb5 40.Kh2 Rdc6 41.Bd3 Qb3 42.Be4 Qb5 43.Ng1 R6c7
44.Nh3 Rd7 45.Bxd5 Qxd5 46.Nf4 Qf5 47.Qe3 Rc6 48.Rd2 Rcd6 49.Red1 Rd8 50.Rd3 a6
51.R3d2 Qa5 52.Rd3 Qb6 53.Rb3 Qa7 54.Rbd3 R8d7 55.R1d2 Qb6 56.Rb3 Qd8 57.Rbd3 a5
58.f3 Qb6 59.Qe4 Qc6 60.Qe3 Qb5 61.Kg2 Qf5 62.Rd1 Rd8 63.R1d2 R6d7 64.Rd1 Re8
65.Qf2 g5 66.hxg5 fxg5 67.Ne2 e5 68.Nc3 Bg6 69.R3d2 g4 70.dxe5 gxf3+ 71.Qxf3 Qxf3+
72.Kxf3 Rf7+ 73.Kg2 Rxe5 74.Rd4 Kh6 75.R1d2 b5 76.Rf2 Rb7 77.Re2 Rxe2+ 78.Nxe2 b4
79.axb4 Rxb4 80.Rxb4  1/2-1/2

[Event "Credit Suisse"]
[Site "Biel"]
[Date "1997.08.01"]
[Round "10"]
[White "Milov, Vadim"]
[Black "Lautier, Joel"]
[Result "1/2-1/2"]
[WhiteElo "2635"]
[BlackElo "2660"]

1.d4 Nf6 2.c4 e6 3.Nc3 Bb4 4.e3 O-O 5.Bd3 d5 6.a3 Bxc3+ 7.bxc3 dxc4 8.Bxc4 c5
9.Bd3 Qc7 10.Bb2 Nc6 11.Nf3 e5 12.dxe5 Nxe5 13.Nxe5 Qxe5 14.Qc2 c4 15.Bxc4 Bf5
16.Qe2 Rac8 17.O-O Ng4 18.g3 Qc5 19.Bd3 Bxd3 20.Qxd3 Qh5 21.h4 Ne5 22.Qd1 Qf5
23.Qe2 Rc6 24.Kg2 Qe4+ 25.f3 Qc4 26.Qxc4 Nxc4 27.Bc1 Rd8 28.e4 Rd3 29.Bf4 Ne3+
30.Bxe3 Rxe3 31.Rad1  1/2-1/2

[Event "Credit Suisse"]
[Site "Biel"]
[Date "1997.??.??"]
[Round "6"]
[White "Gelfand, Boris"]
[Black "Milov, Vadim"]
[Result "1/2-1/2"]
[WhiteElo "2695"]
[BlackElo "2635"]

1.d4 Nf6 2.Nf3 e6 3.c4 d5 4.Nc3 Bb4 5.Bg5 h6 6.Bxf6 Qxf6 7.e3 O-O 8.Rc1 Rd8
9.a3 Bxc3+ 10.Rxc3 dxc4 11.Rxc4 c6 12.Bd3 Nd7 13.O-O Re8 14.Bb1 e5 15.dxe5 Nxe5
16.Nxe5 Rxe5 17.Rf4 Qe7 18.Rd4 Be6 19.e4 g5 20.Qd2 Qf6 21.Rd6 a5 22.Qc3 Kg7
23.Re1 a4 24.Ba2 Re8 25.f3 h5 26.Re2 Kg8 27.Qd4 g4 28.fxg4 hxg4 29.Bxe6 R8xe6
30.Rxe6 Rxe6 31.e5 Qg5 32.Re4 Rg6 33.Rf4 g3 34.h3 Qe7 35.Rg4 Qe6 36.Qd8+ Kg7
37.Rh4 Rh6 38.Rg4+ Rg6 39.Rh4 Rh6 40.Rg4+ Rg6  1/2-1/2

[Event "Credit Suisse"]
[Site "Biel"]
[Date "1997.??.??"]
[Round "8"]
[White "Milov, Vadim"]
[Black "Pelletier, Yannick"]
[Result "0-1"]
[WhiteElo "2635"]
[BlackElo "2465"]

1.b3 b6 2.Bb2 Bb7 3.e3 Nf6 4.Nf3 e6 5.c4 c5 6.Be2 Be7 7.O-O O-O 8.d4 cxd4
9.exd4 d5 10.Nbd2 Nc6 11.Bd3 Nb4 12.Bb1 Rc8 13.Ne5 dxc4 14.bxc4 Nc6 15.Nef3 Qc7
16.Bd3 Nb4 17.Be2 Rfd8 18.Qb3 Nc6 19.Rac1 Qf4 20.Rfd1 h6 21.h3 Ne4 22.Nxe4 Na5
23.Qb5 Qxe4 24.Bf1 Bf6 25.Bc3 Qc6 26.Qxc6 Bxc6 27.c5 Bxf3 28.gxf3 Nc6 29.cxb6 axb6
30.d5 Bxc3 31.Rxc3 Ne7 32.d6 Rxd6 33.Rxd6 Rxc3 34.Rxb6 g5 35.a4 Ra3 36.Ra6 Ra1
37.Kg2 Ng6 38.Bb5 Nh4+ 39.Kh2 Nxf3+ 40.Kg2 Nh4+ 41.Kh2 e5 42.Bc6 f5 43.f3 Ra3
44.Ra7 Nxf3+ 45.Kg2 Nd4 46.Bd5+ Kh8 47.a5 e4 48.a6 e3 49.Bc4 f4 50.h4 f3+
51.Kh3 e2  0-1

[Event "Credit Suisse"]
[Site "Biel"]
[Date "1997.??.??"]
[Round "9"]
[White "Karpov, Anatoly"]
[Black "Milov, Vadim"]
[Result "1-0"]
[WhiteElo "2745"]
[BlackElo "2635"]

1.d4 d5 2.c4 dxc4 3.e4 Nc6 4.Nf3 Bg4 5.d5 Ne5 6.Bf4 Ng6 7.Be3 Nf6 8.Nc3 e5
9.Bxc4 a6 10.O-O Bd6 11.Be2 O-O 12.Nd2 Bd7 13.Rc1 Qe7 14.a3 b5 15.Nb3 Nf4
16.Bf3 Kh8 17.Na2 g5 18.Nc5 Rg8 19.Nb4 Rg6 20.Qc2 g4 21.Be2 Rag8 22.Rfd1 N6h5
23.g3 Bc8 24.Nc6 Qg5 25.Bf1 Rh6 26.Qc3 Nf6 27.Nd3 Qh5 28.h4 gxh3 29.Ndxe5 Rg7
30.Bxf4 Nxe4 31.Qe3 Qf5 32.Bxh6 h2+ 33.Kxh2 Nxf2 34.Bxg7+ Kxg7 35.Rd4  1-0

[Event "NRW-Liga II 9697"]
[Site "Germany"]
[Date "1997.??.??"]
[Round "7.1"]
[White "Milov, Vadim"]
[Black "Galdunts, Sergey"]
[Result "1-0"]
[WhiteElo "2610"]
[BlackElo "2450"]

1.d4 d5 2.c4 e6 3.Nc3 Be7 4.cxd5 exd5 5.Bf4 Nf6 6.e3 c6 7.Bd3 Nbd7 8.Bg3 O-O
9.Nge2 Re8 10.f3 Nf8 11.O-O c5 12.Qd2 a6 13.Bf2 Ne6 14.dxc5 Bxc5 15.Rad1 b5
16.Bb1 Bb7 17.a3 Qc7 18.Bg3 Bd6 19.Bxd6 Qxd6 20.Nd4 Qe5 21.Rfe1 Rac8 22.Qf2 g6
23.Qg3 Qxg3 24.hxg3 Nxd4 25.exd4 Rxe1+ 26.Rxe1 Re8 27.Rc1 Kf8 28.Kf2 Rc8
29.g4 Nd7 30.Ke3 Nb6 31.b3 Rc7 32.Kd2 Nc8 33.Rh1 Kg7 34.Bd3 Ne7 35.Ne2 Nc8
36.Ra1 Nd6 37.a4 Kf8 38.axb5 axb5 39.Nc3 Bc6 40.Ra5 Ke7 41.Nxb5 Nxb5 42.Bxb5 Bxb5
43.Rxb5 Kd6 44.g5 Rc6 45.b4 Rc4 46.Kd3 Ke6 47.g4 Kd6 48.Rb7 Ke6 49.Rb6+ Kd7
50.b5 Rb4 51.Ke3 Rb1 52.Kf4 Re1 53.Rb7+ Ke6 54.Rb8 Kd6 55.Rb7 Ke6 56.Rc7 Rb1
57.Rc6+ Kd7 58.Rf6 Ke7 59.b6 Re1 60.Rc6 Re2 61.Rc8 Rb2 62.Rb8 Kd6 63.b7 Kc6
64.Rc8+ Kxb7 65.Rf8 Re2 66.Rxf7+ Kc6 67.Rxh7  1-0

[Event "ISR-chT"]
[Site "Israel"]
[Date "1997.??.??"]
[Round "3"]
[White "Milov, Vadim"]
[Black "Gofshtein, Leonid D"]
[Result "1-0"]
[WhiteElo "2610"]
[BlackElo "2540"]

1.d4 Nf6 2.c4 g6 3.Nc3 Bg7 4.e4 d6 5.Be2 O-O 6.Nf3 e5 7.O-O Nc6 8.d5 Ne7
9.b4 Nh5 10.Re1 a5 11.bxa5 Rxa5 12.Nd2 Nf4 13.Bf1 c5 14.a4 Ra6 15.Ra3 h6
16.Nb5 Kh8 17.g3 Nh5 18.Bb2 Bd7 19.Be2 Nf6 20.f4 Ne8 21.Rf1 Ra8 22.Nf3 Bxb5
23.cxb5 f5 24.fxe5 fxe4 25.Nd2 Rxf1+ 26.Bxf1 dxe5 27.Nxe4 b6 28.d6 Nf5 29.Qd5 Nc7
30.Qf7 Ne8 31.Qxg6 Nd4 32.Bd3 c4 33.Ng5 Nf3+ 34.Nxf3 cxd3 35.Nxe5 Ra7 36.Rxd3  1-0

[Event "New York op"]
[Site "New York"]
[Date "1997.??.??"]
[Round "?"]
[White "Milov, Vadim"]
[Black "Sokolin, Leonid M"]
[Result "1/2-1/2"]
[WhiteElo "2610"]
[BlackElo "2520"]

1.d4 g6 2.e4 Bg7 3.Nc3 c6 4.Bc4 d6 5.Qf3 e6 6.Nge2 Nd7 7.Bb3 Ngf6 8.O-O O-O
9.Bg5 Qa5 10.Bh4 b5 11.a3 Bb7 12.Qg3 e5 13.Rad1 Rae8 14.dxe5 dxe5 15.Rd6 Qc7
16.Rfd1 Bc8 17.Bg5 a5 18.Qh4 b4 19.axb4 axb4 20.Na2 c5 21.h3 c4 22.Ba4 Qa5
23.b3 Re6 24.c3 Rxd6 25.Rxd6 cxb3 26.Bxb3 Qa3 27.Nac1 bxc3 28.Rd3 Qa5  1/2-1/2

[Event "New York op"]
[Site "New York"]
[Date "1997.??.??"]
[Round "?"]
[White "Milov, Vadim"]
[Black "Rodriguez, Roberto"]
[Result "1-0"]
[WhiteElo "2610"]
[BlackElo "2285"]

1.d4 Nf6 2.c4 e6 3.Nc3 Bb4 4.e3 O-O 5.Bd3 d6 6.Ne2 Nc6 7.O-O e5 8.Nd5 exd4
9.exd4 Nxd5 10.cxd5 Ne7 11.Qa4 c5 12.dxc6 Nxc6 13.d5 Qa5 14.Qxa5 Nxa5 15.Rb1  1-0

[Event "New York op"]
[Site "New York"]
[Date "1997.??.??"]
[Round "?"]
[White "Milov, Vadim"]
[Black "Dlugy, Maxim"]
[Result "1/2-1/2"]
[WhiteElo "2610"]
[BlackElo "2530"]

1.d4 d5 2.c4 dxc4 3.e3 e6 4.Bxc4 a6 5.Nf3 c5 6.a4 Nf6 7.O-O Nc6 8.Qe2 Qc7
9.Nc3 Be7 10.d5 exd5 11.Nxd5 Nxd5 12.Bxd5 Nb4 13.Bc4 O-O 14.Bd2 Bf6 15.Bc3 Bxc3
16.bxc3 Nc6 17.h3 Na5 18.Bd5 Rb8 19.c4 Bd7 20.Qc2 h6 21.e4 b5 22.axb5 axb5
23.cxb5 Rxb5 24.Qc3 Nc6 25.e5 Nb4 26.Bc4 Rb6 27.Rac1 Rc8 28.Qe3 Be6 29.Rfe1 Nd5
30.Qd2 Ne7 31.Bxe6 Rxe6 32.Rc4 Ng6 33.Qc3 Qe7 34.Rce4 Re8 35.h4 Nf8 36.Nd2 Ng6
37.Nf3 Nf8 38.Ra1 Ng6 39.Rae1  1/2-1/2

[Event "New York op"]
[Site "New York"]
[Date "1997.??.??"]
[Round "?"]
[White "Young, Angelo"]
[Black "Milov, Vadim"]
[Result "1/2-1/2"]
[WhiteElo "2435"]
[BlackElo "2610"]

1.Nf3 Nf6 2.c4 g6 3.Nc3 Bg7 4.e4 O-O 5.d4 d6 6.Be2 e5 7.O-O Na6 8.Re1 Qe8
9.Bf1 Bg4 10.d5 Nh5 11.h3 Bd7 12.Rb1 Nc5 13.b4 Na4 14.Nxa4 Bxa4 15.Qd3 Bd7
16.c5 f5 17.Qc4 Nf6 18.exf5 gxf5 19.Rb3 Kh8 20.b5 b6 21.cxd6 cxd6 22.Nd4 Qf7
23.Nc6 Nxd5 24.Ba3 Be6 25.Bxd6 Nf4 26.Qc1 Bxb3 27.Bxf8 Nxh3+ 28.gxh3 Bd5
29.Kh2 Qxf8 30.Nxe5 Be4 31.f4 Rc8 32.Nc6 Qf6 33.Bg2 a6 34.a4 axb5 35.axb5 Rf8
36.Bxe4 fxe4 37.Rxe4 Bh6 38.Kh1 Bxf4 39.Qf1 Bd6 40.Qxf6+ Rxf6 41.Nd4 Rf2
42.Kg1 Rf7 43.Kg2 Kg7 44.Re6 Bc5 45.Nb3 Bf2 46.Nd2 Rf5 47.Nc4 Bd4 48.Nxb6 Rxb5
49.Nc4 Rb3 50.Nd6  1/2-1/2

[Event "New York op"]
[Site "New York"]
[Date "1997.??.??"]
[Round "?"]
[White "Fedorowicz, John P"]
[Black "Milov, Vadim"]
[Result "0-1"]
[WhiteElo "2510"]
[BlackElo "2610"]

1.d4 Nf6 2.c4 g6 3.Nc3 Bg7 4.e4 d6 5.Nf3 O-O 6.Be2 e5 7.O-O Na6 8.Be3 c6
9.d5 Ng4 10.Bg5 f6 11.Bc1 f5 12.Bg5 Nf6 13.exf5 gxf5 14.Ne1 cxd5 15.cxd5 Bd7
16.a4 Qe8 17.Nb5 Qg6 18.Bc1 Nb4 19.Qb3 a5 20.Nc7 Rac8 21.Ne6 Bxe6 22.dxe6 Kh8
23.Nf3 Ne4 24.e7 Rfe8 25.Nh4 Qf6 26.Qh3 f4 27.Bh5 Ng5 28.Qd7 Qxe7 29.Bxe8 Rxe8
30.Qxe7 Rxe7 31.Nf5 Rd7 32.Bd2 Nc6 33.Rfe1 Bf8 34.Rac1 Kg8 35.Nh4 d5 36.f3 Ne6
37.Rxc6 bxc6 38.Rxe5 Nc5 39.Nf5 Nxa4 40.Re6 Nxb2 41.Rxc6 a4 42.Bxf4 d4 43.Ng3 a3
44.Ra6 Bc5 45.Ne4 Ra7 46.Rxa7 Bxa7 47.Nd2 Nc4 48.Nb3 d3+ 49.Kf1 a2  0-1

[Event "New York op"]
[Site "New York"]
[Date "1997.??.??"]
[Round "?"]
[White "Benjamin, Joel"]
[Black "Milov, Vadim"]
[Result "1/2-1/2"]
[WhiteElo "2555"]
[BlackElo "2610"]

1.e4 c5 2.Nf3 e6 3.c3 Nf6 4.e5 Nd5 5.d4 cxd4 6.cxd4 d6 7.a3 Nc6 8.Bd3 g6
9.Bg5 Qc7 10.exd6 Qxd6 11.Nbd2 Bg7 12.Nc4 Qc7 13.Rc1 O-O 14.O-O Bd7 15.Bb1 Nce7
16.Nce5 Bc6 17.Qd2 f6 18.Nxc6 Nxc6 19.Bh4 Qf7 20.Rfe1 Rad8 21.Bg3 Rfe8 22.Re2 Nce7
23.Rce1 Nf5 24.Ba2 g5 25.Qa5 b6 26.Qb5 a6 27.Qc6 Rc8 28.Qa4 Rcd8 29.Qc6 Rc8
30.Qa4 Rcd8 31.Qc6  1/2-1/2

[Event "SWZ-chT9697"]
[Site "SWZ"]
[Date "1997.??.??"]
[Round "?"]
[White "Milov, Vadim"]
[Black "Renet, Olivier"]
[Result "1/2-1/2"]
[WhiteElo "2610"]
[BlackElo "2505"]

1.d4 Nf6 2.c4 g6 3.Nc3 Bg7 4.e4 d6 5.Be2 O-O 6.Bg5 Nbd7 7.Qd2 c6 8.f3 e5
9.d5 cxd5 10.cxd5 a6 11.g4 b5 12.h4 Nc5 13.b4 Na4 14.Nxa4 bxa4 15.Bd3 Bd7
16.Ne2 Qb6 17.Rb1 h5 18.Be3 Qd8 19.g5 Ne8 20.b5 axb5 21.Bxb5 Rb8 22.Nc3 Nc7
23.Bxd7 Rxb1+ 24.Nxb1 Qxd7 25.Na3 f6 26.O-O Nb5 27.Nxb5 Qxb5 28.Qc2 fxg5
29.hxg5 Qa6 30.Rf2 Rc8 31.Qe2 Rc4 32.Kg2 Bf8 33.Qd3 Qc8 34.Qb1 Rc3 35.Bd2 Rc2
36.a3 Be7 37.Qb5 Rc4 38.Bb4 h4 39.Bd2 Kf7 40.Qb1 Rc2 41.Qb6 Ra2 42.Qe3 Rb2
43.Qa7 Qc5 44.Qd7 Qd4 45.Be3 Rxf2+ 46.Bxf2 Qd2 47.Qe6+ Kf8 48.Qxg6 Qxg5+
49.Qxg5 Bxg5 50.Be1 Be3 51.Bc3 Kf7 52.Kh3 Bf2 53.Kg4 Kg6 54.Bd2 Kf7 55.f4 exf4
56.Bxf4 Ke7 57.Kf3 Bd4 58.Bg5+ Kd7 59.Bxh4 Bb2 60.Ke3 Bxa3 61.Kd3 Bb4 62.Kc4  1/2-1/2

[Event "SWZ-chT9697"]
[Site "SWZ"]
[Date "1997.??.??"]
[Round "?"]
[White "Milov, Vadim"]
[Black "Giertz, Niklaus"]
[Result "1-0"]
[WhiteElo "2610"]
[BlackElo "2305"]

1.Nf3 Nf6 2.e3 e6 3.b3 b6 4.Bb2 Bb7 5.c4 Be7 6.g3 O-O 7.Bg2 c5 8.O-O d5 9.Ne5 Qc7
10.f4 dxc4 11.bxc4 Bxg2 12.Kxg2 Qb7+ 13.Qf3 Qxf3+ 14.Kxf3 Nfd7 15.Nxd7 Nxd7
16.a4 Bf6 17.Bxf6 Nxf6 18.a5 Rab8 19.Nc3 Rfd8 20.Ke2 Kf8 21.axb6 axb6 22.Ra7 Ra8
23.Rfa1 Rxa7 24.Rxa7 Rb8 25.Nb5 Rd8 26.Rb7 Nd7 27.Nc3 Ke7 28.Na4 Kd6 29.Nxb6 Nxb6
30.Rxb6+ Kc7 31.Ra6 Kb7 32.Ra3 Rd7 33.Rd3 Re7 34.Rd8 h5 35.d4 g6 36.Kd3 Kc7
37.Ra8 Kb7 38.Rf8 Rd7 39.Ke4 cxd4 40.exd4 Rc7 41.Ke5 Rxc4 42.Rxf7+ Kc6 43.Re7 Rc2
44.Rxe6+ Kd7 45.Rxg6  1-0

[Event "SWZ-chT9697"]
[Site "SWZ"]
[Date "1997.??.??"]
[Round "?"]
[White "Milov, Vadim"]
[Black "Herzog, Juerg"]
[Result "1-0"]
[WhiteElo "2610"]
[BlackElo "2290"]

1.d4 d5 2.c4 e6 3.Nc3 c5 4.cxd5 exd5 5.Nf3 Nf6 6.Bg5 Be7 7.dxc5 O-O 8.e3 Be6
9.Rc1 Nbd7 10.b4 a5 11.a3 axb4 12.axb4 h6 13.Bxf6 Nxf6 14.Qd4 b6 15.c6 Qd6
16.Bb5 Qxb4 17.O-O Ra5 18.Rb1 Qa3 19.Nd2 Raa8 20.Na4 Bc5 21.Qa1 Qxa1 22.Rxa1 d4
23.Nxc5 bxc5 24.exd4 cxd4 25.Nf3 Rxa1 26.Rxa1 Rb8 27.Nxd4 Nd5 28.Ra7 Rc8
29.f4 Rc7 30.Rb7 g6 31.Bc4 Rc8 32.Ba6 Nxf4 33.c7 Kg7 34.Ra7 Rf8 35.g3  1-0

[Event "SWZ-chT9697"]
[Site "SWZ"]
[Date "1997.??.??"]
[Round "?"]
[White "Milov, Vadim"]
[Black "Gheorghiu, Florin"]
[Result "1-0"]
[WhiteElo "2610"]
[BlackElo "2480"]

1.d4 Nf6 2.c4 c5 3.d5 e5 4.Nc3 d6 5.e4 Be7 6.g3 Nbd7 7.Bg2 O-O 8.Nf3 Ne8
9.O-O g6 10.Ne1 Bg5 11.f4 exf4 12.gxf4 Bf6 13.Bd2 Bg7 14.Nf3 Nb6 15.b3 Bg4
16.Qe1 Nd7 17.Qg3 Bxf3 18.Bxf3 a6 19.a4 Nc7 20.Rae1 Re8 21.Bg4 Nf6 22.Bd1 Nd7
23.e5 dxe5 24.f5 Rf8 25.Ne4 Ne8 26.Qh3 Nef6 27.fxg6 fxg6 28.Qe6+ Kh8 29.Nd6 b5
30.Nf7+ Rxf7 31.Qxf7 bxc4 32.bxc4 Qb6 33.Bc3 Re8 34.Bg4 Qb3 35.Bxd7 Rf8 36.Qxf8+ Bxf8
37.Bxe5 Bg7 38.Rxf6 Bxf6 39.Bxf6+ Kg8 40.Be6+ Kf8 41.d6  1-0

[Event "SWZ-chT9697"]
[Site "SWZ"]
[Date "1997.??.??"]
[Round "?"]
[White "Milov, Vadim"]
[Black "Toth, Bela"]
[Result "1-0"]
[WhiteElo "2610"]
[BlackElo "2395"]

1.d4 d5 2.c4 dxc4 3.e3 e6 4.Bxc4 c5 5.Nf3 Nf6 6.O-O a6 7.a4 Nc6 8.Qe2 cxd4
9.Rd1 Be7 10.exd4 O-O 11.Nc3 Nd5 12.Qe4 Nf6 13.Qh4 Nd5 14.Qh3 Ncb4 15.Ne5 Qc7
16.Bb3 b6 17.Bd2 Bb7 18.Qg3 Rfe8 19.Ne4 f5 20.Bxb4 fxe4 21.Rac1 Qd8 22.Bd2 Rc8
23.Qg4 Bf6 24.Qxe4 Qe7 25.Rxc8 Rxc8 26.Re1 Re8 27.Qg4 Nc7 28.Bc2 g6 29.Bh6 Bg7
30.Bxg7 Qxg7 31.h4 Nd5 32.Bb3 Re7 33.Nf3 Qf6 34.Ng5 Nf4 35.Ne4 Qf5 36.Qxf5 gxf5
37.Ng5 Nxg2 38.Rxe6 Rxe6 39.Nxe6 Kh8 40.h5 Nh4 41.Kh2 Nf3+ 42.Kg3 Nd2 43.Bc2 Nc4
44.b3 Nd2 45.Kf4 Bd5 46.Ke5 Bxb3 47.Bxb3 Nxb3 48.d5 b5 49.d6 Na5 50.d7 Nb7
51.Kd5  1-0

[Event "SWZ-chT9697"]
[Site "SWZ"]
[Date "1997.??.??"]
[Round "?"]
[White "King, Daniel J"]
[Black "Milov, Vadim"]
[Result "1-0"]
[WhiteElo "2535"]
[BlackElo "2610"]

1.e4 c5 2.Nf3 e6 3.c3 Nf6 4.e5 Nd5 5.d4 cxd4 6.cxd4 Nc6 7.Nc3 d6 8.Bd3 dxe5
9.dxe5 Nxc3 10.bxc3 b6 11.Qa4 Qc7 12.O-O Bb7 13.Be4 O-O-O 14.Re1 h6 15.Be3 Be7
16.Rab1 g5 17.Rb5 Rd7 18.Reb1 Nb8 19.Bxb6 axb6 20.Rxb6 Bxe4 21.Rxb8+ Qxb8
22.Rxb8+ Kxb8 23.Qxd7 Rd8 24.Qb5+ Bb7 25.h3 Kc7 26.Nd4 Ra8 27.Qd3 Ra5 28.Nb5+ Kc6
29.Nd6 Bc8 30.Qf3+ Kd7 31.Qxf7 Rxe5 32.Qe8+ Kxd6 33.Qxc8 Kd5 34.Qa8+ Kc4
35.Qa6+ Kxc3 36.Qb7 Bc5 37.Qb3+ Kd4 38.g3 h5 39.Qd1+ Kc4 40.Qxh5 Bd4 41.Kg2  1-0